00781 a2200217 4500010001400000020002300014035001300037037001500050082001200065090001500077100002200092245007200114250001200186260005000198270005100248300003500299500005100334942002700385999001500412952013600427 aENG-85976 a0070658981c395.00 aEN-69509 bDBAD / PUB14a910.285 c3954d39541 aChang, Kang-Tsung1 aIntroduction to geographic information systemscby Kang-tsung Chang a4th ed. aNew DelhibTata Mc-Graw Hill Publishingc2007 a7, West Patel NagarbNew DelhicDelhie110 008 axiv, 450p.c24cm (pbk)eCD-ROM aIncludes bibliographical references and index adplcENk910.285 / CHA c3875d3875 00102ddc40718NFICaDBADbDBADeDBAD/PUBg395.00l0o910.285 CHApEN-69509r2008-09-15 00:00:00t1u4118v395.00w2008-09-15yEN